[Event "GER-ch Army 15th"]
[Site "Stadtallendorf"]
[Date "2004.??.??"]
[Round "6"]
[White "Georgi, Juergen"]
[Black "Huntemann, Herms"]
[Result "1/2-1/2"]
[WhiteElo "1571"]
[BlackElo "1659"]
[PlyCount "49"]
[EventDate "2004.05.10"]
[EventType "swiss"]
[EventRounds "6"]
[EventCountry "GER"]
[SourceTitle "EXT 2006"]
[Source "ChessBase"]
[SourceDate "2005.11.24"]
[SourceVersion "1"]
[SourceVersionDate "2005.11.24"]
[SourceQuality "1"]

1. f4 e5 2. e4 exf4 3. Nf3 Bc5 4. d4 Bb6 5. Bxf4 d6 6. Bc4 Be6 7. Bd3 Ne7 8. c3 h6 9. Nbd2 Ng6 10. Be3 c5 11. d5 Bg4 12. Nc4 0-0 13. 0-0 Bc7 14. h3 Bxf3 15. Qxf3 Nd7 16. Bf4 Nb6 17. b3 Nxc4 18. Bxc4 Qf6 19. Bg3 Qxf3 20. Rxf3 f6 21. h4 Ne5 22. Bxe5 fxe5 23. Raf1 Rxf3 24. Rxf3 Rf8 25. Be2 1/2-1/2

[Event "GER-ch Army 15th"]
[Site "Stadtallendorf"]
[Date "2004.??.??"]
[Round "2"]
[White "Wierscheim, Willi"]
[Black "Huntemann, Herms"]
[Result "0-1"]
[WhiteElo "1360"]
[BlackElo "1659"]
[PlyCount "92"]
[EventDate "2004.05.10"]
[EventType "swiss"]
[EventRounds "6"]
[EventCountry "GER"]
[SourceTitle "EXT 2006"]
[Source "ChessBase"]
[SourceDate "2005.11.24"]
[SourceVersion "1"]
[SourceVersionDate "2005.11.24"]
[SourceQuality "1"]

1. c4 e5 2. e4 Nf6 3. d3 Nc6 4. Nc3 Bc5 5. Bg5 h6 6. Bxf6 Qxf6 7. Nf3 Nd4 8. Be2 c6 9. a3 d6 10. h3 0-0 11. b4 Nxf3+ 12. Bxf3 Bd4 13. Rc1 Qg5 14. Ne2 Bb6 15. a4 f5 16. a5 fxe4 17. dxe4 Bc7 18. c5 dxc5 19. Rxc5 Be6 20. Qc1 Qe7 21. 0-0 Bxh3 22. gxh3 Rxf3 23. Ng3 Bd6 24. Nf5 Rxf5 25. exf5 Bxc5 26. Qxc5 Qg5+ 27. Kh2 Qxf5 28. Rg1 Qf4+ 29. Rg3 Qd4 30. Qe7 Qxf2+ 31. Rg2 Qf7 32. Qxe5 Rf8 33. Qd4 Qf4+ 34. Qxf4 Rxf4 35. Rb2 b6 36. a6 b5 37. Kg3 Rc4 38. Kf3 Rc3+ 39. Kg4 Ra3 40. Rd2 Rxa6 41. Rd6 Ra4 42. Kh5 Kh7 43. Rxc6 Rxb4 44. h4 g6+ 45. Rxg6 Rxh4+ 46. Kxh4 Kxg6 0-1

[Event "Nord West Cup"]
[Site "Oldenburg"]
[Date "2000.02.13"]
[Round "6"]
[White "Wichelmann, Martin"]
[Black "Huntemann, Herms"]
[Result "0-1"]
[WhiteElo "1920"]
[BlackElo "1244"]
[PlyCount "72"]
[EventDate "2000.??.??"]
[EventType "swiss"]
[EventRounds "7"]
[EventCountry "GER"]
[SourceTitle "EXT 2002"]
[Source "ChessBase"]
[SourceDate "2001.11.25"]
[SourceVersion "1"]
[SourceVersionDate "2001.11.25"]
[SourceQuality "1"]

1. e4 e5 2. Nf3 Nf6 3. Nxe5 d6 4. Nf3 Nxe4 5. c4 Nf6 6. Nc3 Bf5 7. d4 Be7 8. Bd3 Bg6 9. 0-0 c5 10. Bxg6 hxg6 11. dxc5 dxc5 12. Qxd8+ Bxd8 13. Re1+ Be7 14. Nb5 Na6 15. Bf4 Rd8 16. Bd6 Ng8 17. Re2 Kf8 18. Rae1 Bxd6 19. Nxd6 Nf6 20. Nxb7 Rd7 21. Na5 Nb4 22. Ne5 Rd4 23. a3 Nd3 24. Nxd3 Rxd3 25. Re7 Kg8 26. Rxa7 Kh7 27. h3 Rb8 28. b3 Kh6 29. Rb1 Ne4 30. Rb2 Kg5 31. Rb7 Ra8 32. Rb5 f5 33. a4 Kh4 34. Nb7 Rd1+ 35. Kh2 f4 36. Nxc5 Ng3 0-1